Eastern Utah Libraries Catalog: Duchesne, Heber, Roosevelt, & Vernal

Moonrise kingdom (Record no. 86809)

MARC details
000 -LEADER
fixed length control field 03355cgm a2200673Ia 4500
001 - CONTROL NUMBER
control field ocn799891920
003 - CONTROL NUMBER IDENTIFIER
control field OCoLC
005 - DATE AND TIME OF LATEST TRANSACTION
control field 20241220133020.0
008 - FIXED-LENGTH DATA ELEMENTS--GENERAL INFORMATION
fixed length control field 120716s2012 cau094 vleng d
007 - PHYSICAL DESCRIPTION FIXED FIELD--GENERAL INFORMATION
fixed length control field vd cvaizk
040 ## - CATALOGING SOURCE
Original cataloging agency LPU
Transcribing agency LPU
Modifying agency NOG
-- TEF
-- TEFMT
-- IK2
-- BKX
-- CKE
-- JP3
-- UINTA
019 ## -
-- 808385835
024 1# - OTHER STANDARD IDENTIFIER
Standard number or code 025192115608
028 41 - PUBLISHER NUMBER
Publisher number 62119942
Source Focus Features
035 ## - SYSTEM CONTROL NUMBER
System control number (OCoLC)799891920
Canceled/invalid control number (OCoLC)808385835
037 ## - SOURCE OF ACQUISITION
Source of stock number/acquisition Midwest Tape
Note http://www.midwesttapes.com
041 0# - LANGUAGE CODE
Language code of text/sound track or separate title eng
-- spa
-- fre
-- spa
-- fre
-- eng
043 ## - GEOGRAPHIC AREA CODE
Geographic area code n-usn--
050 #4 - LIBRARY OF CONGRESS CALL NUMBER
Classification number PN1997.2
Item number .M66 2012
082 04 - DEWEY DECIMAL CLASSIFICATION NUMBER
Classification number 791.43/72
Edition number 23
049 ## - LOCAL HOLDINGS (OCLC)
Holding library UCLB
092 ## - LOCALLY ASSIGNED DEWEY CALL NUMBER (OCLC)
Classification number 791.437
245 00 - TITLE STATEMENT
Title Moonrise kingdom
Medium [videorecording] /
Statement of responsibility, etc Focus Features and Indian Paintbrush present ; an American Empirical picture ; produced by Wes Anderson ... [et al.] ; written by Wes Anderson and Roman Coppola ; directed by Wes Anderson.
250 ## - EDITION STATEMENT
Edition statement [Widescreen].
260 ## - PUBLICATION, DISTRIBUTION, ETC. (IMPRINT)
Place of publication, distribution, etc Culver City, CA :
Name of publisher, distributor, etc Focus Features,
Date of publication, distribution, etc c2012.
300 ## - PHYSICAL DESCRIPTION
Extent 1 videodisc (94 min.) :
Other physical details sd., col. ;
Dimensions 4 3/4 in.
538 ## - SYSTEM DETAILS NOTE
System details note DVD, NTSC, region 1, anamorphic widescreen (1.85:1); English Dolby digital 5.1 surround, English DVS Dolby digital 2.0 stereo, French European and Spanish Dolby digital 5.1 surround; described video.
546 ## - LANGUAGE NOTE
Language note English, Spanish or French dialogue; Spanish or French subtitles; English subtitles for the deaf and hard-of-hearing.
500 ## - GENERAL NOTE
General note Title from web page.
511 1# - PARTICIPANT OR PERFORMER NOTE
Participant or performer note Bruce Willis, Bill Murray, Edward Norton, Frances McDormand, Jason Schwartzman, Tilda Swinton.
508 ## - CREATION/PRODUCTION CREDITS NOTE
Creation/production credits note Director of photography, Robert D. Yeoman ; editor, Andrew Weisblum ; music, Alexandre Desplat.
500 ## - GENERAL NOTE
General note DVD release of the 2012 motion picture.
521 8# - TARGET AUDIENCE NOTE
Target audience note MPAA rating: PG-13; sexual content and smoking.
520 ## - SUMMARY, ETC.
Summary, etc Set on an island off the coast of New England in the summer of 1965, tells the story of two twelve-year-olds who fall in love, make a secret pact, and run away together into the wilderness. As various authorities try to hunt them down, a violent storm is brewing off-shore, and the peaceful island community is turned upside down in more ways than anyone can handle.
500 ## - GENERAL NOTE
General note Bonus features: a look inside Moonrise Kingdom; welcome to the Island of New Penzance; set tour with Bill Murray.
650 #0 - SUBJECT ADDED ENTRY--TOPICAL TERM
Topical term or geographic name as entry element Preteens
Form subdivision Drama.
9 (RLIN) 6460745
650 #0 - SUBJECT ADDED ENTRY--TOPICAL TERM
Topical term or geographic name as entry element Runaway children
Form subdivision Drama.
9 (RLIN) 5765670
651 #0 - SUBJECT ADDED ENTRY--GEOGRAPHIC NAME
Geographic name New England
Form subdivision Drama.
9 (RLIN) 6385211
655 #7 - INDEX TERM--GENRE/FORM
Genre/form data or focus term Coming-of-age films.
Source of term lcgft
9 (RLIN) 5729105
655 #7 - INDEX TERM--GENRE/FORM
Genre/form data or focus term Feature films.
Source of term lcgft
9 (RLIN) 6241206
655 #7 - INDEX TERM--GENRE/FORM
Genre/form data or focus term Fiction films.
Source of term lcgft
9 (RLIN) 6241207
655 #7 - INDEX TERM--GENRE/FORM
Genre/form data or focus term Comedy films.
Source of term lcgft
9 (RLIN) 6241208
655 #7 - INDEX TERM--GENRE/FORM
Genre/form data or focus term Video recordings for the hearing impaired.
Source of term lcgft
9 (RLIN) 6241209
655 #7 - INDEX TERM--GENRE/FORM
Genre/form data or focus term Video recordings for people with visual disabilities.
Source of term lcgft
9 (RLIN) 5676923
700 1# - ADDED ENTRY--PERSONAL NAME
Personal name Anderson, Wes,
Dates associated with a name 1969-
9 (RLIN) 5877258
700 1# - ADDED ENTRY--PERSONAL NAME
Personal name Coppola, Roman.
9 (RLIN) 5771557
700 1# - ADDED ENTRY--PERSONAL NAME
Personal name Willis, Bruce,
Dates associated with a name 1955-
9 (RLIN) 24916
700 1# - ADDED ENTRY--PERSONAL NAME
Personal name Norton, Edward.
9 (RLIN) 63404
700 1# - ADDED ENTRY--PERSONAL NAME
Personal name Murray, Bill,
Dates associated with a name 1950 Sept. 21-
9 (RLIN) 5728251
700 1# - ADDED ENTRY--PERSONAL NAME
Personal name McDormand, Frances.
9 (RLIN) 62273
700 1# - ADDED ENTRY--PERSONAL NAME
Personal name Swinton, Tilda.
9 (RLIN) 60900
700 1# - ADDED ENTRY--PERSONAL NAME
Personal name Desplat, Alexandre.
9 (RLIN) 76818
710 2# - ADDED ENTRY--CORPORATE NAME
Corporate name or jurisdiction name as entry element Focus Features.
9 (RLIN) 69097
710 2# - ADDED ENTRY--CORPORATE NAME
Corporate name or jurisdiction name as entry element Indian Paintbrush (Firm)
9 (RLIN) 5879527
710 2# - ADDED ENTRY--CORPORATE NAME
Corporate name or jurisdiction name as entry element American Empirical Pictures.
9 (RLIN) 6204651
942 ## - ADDED ENTRY ELEMENTS (KOHA)
Koha item type DVD
994 ## -
-- C0
-- UINTA
998 ## - LOCAL CONTROL INFORMATION (RLIN)
-- a154585
Holdings
Withdrawn status Lost status Source of classification or shelving scheme Damaged status Not for loan Collection code Home library Current library Shelving location Date acquired Source of acquisition Cost, normal purchase price Total Checkouts Full call number Barcode Date last seen Date checked out Cost, replacement price Price effective from Koha item type
  Missing Dewey Decimal Classification     Movies Wasatch County Library Wasatch County Library Audio Visual Area 04/10/2015 Amazon 15.95 6 DVD Moo 34301001421439 03/13/2020 02/29/2020 15.95 03/20/2020 DVD
  Missing Dewey Decimal Classification     Movies Wasatch County Library Wasatch County Library Audio Visual Area 10/31/2012   15.95 31 DVD Moo 34301001123464 04/29/2019 04/26/2019 15.95 03/20/2020 DVD
This project was made possible through a grant from the Institute of Museum and Library Service administered by the Utah State Library Division.

Wasatch County Library

  • 465 East 1200 South, Heber City, Utah 84032
  • Phone 435-654-1511 | Fax 435-654-6456

Hours

  • Monday - Friday 9:30 AM - 8:00 PM
  • Saturday 9:30 AM - 1:30 PM
  • Closed Sundays and Holidays